Landkreise und kreisfreie Städte Deutschlands mit "N" - Statistiken

Allgemein
  • Dieses Quiz wurde 591 mal gespielt
  • Das Durchschnittsergebnis liegt bei 14 aus 18
Antwortstatistiken
Bundesland Kreis % Korrekt
Bayern Nürnberg
96%
Bayern Nürnberger Land
96%
Bayern Neustadt an der Aisch-Bad Windsheim
89%
Bayern Neustadt an der Waldnaab
89%
Rheinland-Pfalz Neustadt an der Weinstraße
89%
Thüringen Nordhausen
76%
Bayern Neumarkt in der Oberpfalz
75%
Niedersachsen Nienburg (Weser)
75%
Bayern Neuburg-Schrobenhausen
74%
Schleswig-Holstein Nordfriesland
71%
Saarland Neunkirchen
70%
Sachsen Nordsachsen
70%
Schleswig-Holstein Neumünster
68%
Niedersachsen Northeim
68%
Bayern Neu-Ulm
66%
Mecklenburg-Vorpommern Nordwestmecklenburg
66%
Rheinland-Pfalz Neuwied
62%
Baden-Württemberg Neckar-Odenwald-Kreis
52%
Keine übereinstimmenden Quizze gefunden
Verteilung der Resultate
Anzahl Personen mit jedem Resultat
Perzentil nach korrekt beantworteten Fragen
Ihre Resultats-Entwicklung
Sie haben dieses Quiz noch nicht gespielt